Collected writings of W.E. Vine / (Record no. 661)
[ view plain ]
| 000 -LEADER | |
|---|---|
| fixed length control field | 00953 a2200313 4500 |
| 000 - LEADER | |
| fixed length control field | 13471 |
| 001 - CONTROL NUMBER | |
| control field | 87021 |
| 003 - CONTROL NUMBER IDENTIFIER | |
| control field | gbc |
| 005 - DATE AND TIME OF LATEST TRANSACTION | |
| control field | 20241126110343.0 |
| 008 - FIXED-LENGTH DATA ELEMENTS--GENERAL INFORMATION | |
| fixed length control field | 000309s1996 tnuab b 001 0 eng |
| 010 ## - | |
| -- | 96008957 |
| 020 ## - INTERNATIONAL STANDARD BOOK NUMBER | |
| International Standard Book Number | 0785211594 (set) |
| 035 ## - SYSTEM CONTROL NUMBER | |
| System control number | (OCoLC)34875822 |
| 040 ## - CATALOGING SOURCE | |
| Original cataloging agency | DLC |
| Transcribing agency | DLC |
| Modifying agency | LBB |
| 049 ## - | |
| -- | LBBK |
| -- | 1-5 |
| 050 00 - | |
| -- | BS511.2 |
| -- | .V55 1996 |
| 082 00 - DEWEY DECIMAL CLASSIFICATION NUMBER | |
| Classification number | 220.6 |
| Edition information | 20 |
| Item number | VIN |
| 090 ## - LOCALLY ASSIGNED LC-TYPE CALL NUMBER (OCLC); LOCAL CALL NUMBER (RLIN) | |
| Classification number (OCLC) (R) ; Classification number, CALL (RLIN) (NR) | BS511.2 |
| Local cutter number (OCLC) ; Book number/undivided call number, CALL (RLIN) | .V55 1996 |
| 100 1# - MAIN ENTRY--PERSONAL NAME | |
| Personal name | Vine, W. E. |
| Fuller form of name | (William Edwy), |
| Dates associated with a name | 1873-1949. |
| 240 10 - | |
| -- | Selections. |
| -- | 1996 |
| 245 10 - TITLE STATEMENT | |
| Title | Collected writings of W.E. Vine / |
| Statement of responsibility, etc. | with introduction by F.F. Bruce. |
| 260 ## - PUBLICATION, DISTRIBUTION, ETC. | |
| Place of publication, distribution, etc. | Nashville, TN : |
| Name of publisher, distributor, etc. | T. Nelson, |
| Date of publication, distribution, etc. | c1996. |
| 300 ## - PHYSICAL DESCRIPTION | |
| Extent | 5 v. : |
| Other physical details | ill., maps ; |
| Dimensions | 25 cm. |
| 500 ## - GENERAL NOTE | |
| General note | Vol. 5 includes New Testament Greek grammar, lessons 1-34. |
| 504 ## - BIBLIOGRAPHY, ETC. NOTE | |
| Bibliography, etc. note | Includes bibliographical references and indexes. |
| 630 00 - SUBJECT ADDED ENTRY--UNIFORM TITLE | |
| Uniform title | Bible |
| General subdivision | Criticism, interpretation, etc. |
| 650 #0 - SUBJECT ADDED ENTRY--TOPICAL TERM | |
| Topical term or geographic name entry element | Theology. |
| 942 ## - ADDED ENTRY ELEMENTS (KOHA) | |
| Source of classification or shelving scheme | Dewey Decimal Classification |
| Koha item type | Books |
| Withdrawn status | Lost status | Source of classification or shelving scheme | Damaged status | Not for loan | Home library | Current Library | Shelving location | Date acquired | Source of acquisition | Total checkouts | Full call number | Barcode | Date last seen | Copy number | Price effective from | Koha item type |
|---|---|---|---|---|---|---|---|---|---|---|---|---|---|---|---|---|
| Dewey Decimal Classification | GRACE BIBLE COLLEGE | GRACE BIBLE COLLEGE | Biblical Studies | 2017-02-24 | GIFT | 220.6 VIN | 014215 | 2025-05-01 | v.1 | 2017-02-24 | Books | |||||
| Dewey Decimal Classification | GRACE BIBLE COLLEGE | GRACE BIBLE COLLEGE | Biblical Studies | 2017-02-24 | GIFT | 220.6 VIN | 014216 | 2025-05-01 | v.2 | 2017-02-24 | Books | |||||
| Dewey Decimal Classification | GRACE BIBLE COLLEGE | GRACE BIBLE COLLEGE | Biblical Studies | 2017-02-24 | GIFT | 220.6 VIN | 014217 | 2025-05-01 | v.3 | 2017-02-24 | Books | |||||
| Dewey Decimal Classification | GRACE BIBLE COLLEGE | GRACE BIBLE COLLEGE | Biblical Studies | 2017-02-24 | GIFT | 220.6 VIN | 014218 | 2025-05-01 | v.4 | 2017-02-24 | Books |